Normal view
MARC view
- Electronic digital computers
Entry Topical Term
001 - CONTROL NUMBER
- control field: 83513
003 - CONTROL NUMBER IDENTIFIER
- control field: NUST
005 - DATE AND TIME OF LATEST TRANSACTION
- control field: 20211027161411.0
008 - FIXED-LENGTH DATA ELEMENTS
- fixed length control field: 211027|| aca||aabn | a|a d
040 ## - CATALOGING SOURCE
- Original cataloging agency: NUST
- Transcribing agency: NUST
150 ## - HEADING--TOPICAL TERM
- Topical term or geographic name entry element: Electronic digital computers
- General subdivision: Circuits
- General subdivision: Design
670 ## - SOURCE DATA FOUND
- Source citation: Work cat.: (NUST)31891: Katz, Randy H., 1955- 83512, Contemporary Logic Design /, c2005.
